Normal view
MARC view
Entry Personal Name
001 - CONTROL NUMBER
- control field: 81096
003 - CONTROL NUMBER IDENTIFIER
- control field: dpl
005 - DATE AND TIME OF LATEST TRANSACTION
- control field: 20250508112857.0
008 - FIXED-LENGTH DATA ELEMENTS
- fixed length control field: 250508|| aca||aabn | a|a d
040 ## - CATALOGING SOURCE
- Original cataloging agency: dpl
- Transcribing agency: dpl
100 ## - HEADING--PERSONAL NAME
- Dates associated with a name: Pandurangan, J.
- Personal name: Author
670 ## - SOURCE DATA FOUND
- Source citation: Work cat.: (dpl)211207: Ponnusamy, R. 81095, A hand book on university system/, 2014
